Statistics for Imagine Dragons' Songs (Latest Included)

Click here to take the quiz!

General Stats

  • This quiz has been taken 45 times
  • The average score is 21 of 72

Answer Stats

HinAnswer% Correct
46.Radioactive
93%
14.Demons
78%
32.It's Time
68%
4.Amsterdam
63%
54.Smoke and Mirrors
61%
22.Gold
61%
53.Shots
56%
16.Dream
54%
38.Monster
51%
42.On Top of the World
51%
7.Bleeding Out
46%
30.I'm So Sorry
46%
71.Warriors
46%
26.I Bet My Life
46%
49.Roots
44%
45.Polaroid
41%
52.Selene
41%
23.Hear Me
41%
66.Tiptoe
41%
47.Ready Aim Fire
39%
21.Friction
39%
24.Hopeless Opus
39%
60.The Fall
39%
41.Nothing Left To Say
39%
64.Thief
39%
3.America
39%
59.Summer
37%
69.Underdog
34%
5.Battle Cry
34%
50.Round and Round
32%
72.Who We Are
32%
19.Every Night
29%
31.It Comes Back To You
29%
67.Tokyo
27%
68.Trouble
27%
73.Working Man
27%
27.I Don't Mind
27%
20.Fallen
24%
48.Release
22%
8.Boots
22%
62.The River
22%
39.My Fault
22%
12.Curse
22%
11.Cover Up
22%
40.Not Today
22%
51.Second Chances
20%
37.Lost Cause
20%
15.Destination
20%
18.Emma
20%
34.Levitate
17%
63.The Unknown
15%
36.Look How Far We've Come
15%
28.I Need a Minute
15%
33.Leave Me
15%
58.Sucker For Pain
12%
1.All Eyes
12%
29.I Was Me
12%
43.Pantomime
12%
10.Clouds
12%
9.Cha-Ching (Till We Grow Older)
10%
65.30 Lives
10%
44.Pistol Whip
10%
70.Uptight
7%
17.Drive
7%
61.The Pit
7%
35.Living Musical
7%
13.Darkness
7%
2.All for You
5%
55.Speak to Me
5%
57.Stolen Dance
0%
6.Blank Space (Cover)
0%
56.Stand By Me
0%

Score Distribution

Percentile by Number Answered

Percent of People with Each Score

Your Score History

You have not taken this quiz